Sanat - "Puhu äänellä jonka kuulen" - Happoradio - Statistics

Yleistilastot
  • Tätä visaa on pelattu 459 kertaa
  • Keskiarvotulos 97 / 124
Vastaustilastot
Vastaus % Oikein
Puhu
99%
puhu
99%
99%
äänellä
98%
jonka
98%
kuulen
98%
jotka
95%
sanoilla
95%
ymmärrän
95%
käsitän
93%
tarvii
90%
tekstityksen
88%
kaikkitietävän
80%
sinuun
80%
kertojan
79%
kun
79%
runoilla
78%
itket
76%
miksi
76%
sinä
75%
jonkun
74%
lapsi
74%
nauraa
74%
vai
74%
naapurissa
73%
selittäjän
73%
joku
72%
laulaa
72%
Kumpaa
71%
kumpaa
71%
radiossa
71%
rakkaudesta
71%
rauhaa
71%
pelkäät
70%
melua
68%
kaihdat
67%
yksinäisyyttä
67%
olet
63%
laumaa
62%
vuori
55%
pääsemätön
54%
kuori
53%
vettä
53%
syvää
52%
titaaninen
52%
luokse
51%
ullakko
48%
monimutkainen
47%
Olen
47%
unohdettu
46%
kartta
45%
mailla
44%
vierahilla
42%
vailla
41%
yksinkertainen
41%
aina
40%
selitystä
40%
matka
39%
salaisuuksies
24%
Ehtoja vastaavia visoja ei löytynyt
Tulosjakauma
Jokaisen tuloksen saaneiden osuus
Persentiili vastausten määrän mukaan
Tuloshistoriasi
Et ole pelannut tätä visaa